موسوعة صحيح البخاري الميسرة / (رقم التسجيلة. 80611)

تفاصيل مارك
000 -LEADER
fixed length control field 00565nam a22001817a 4500
005 - DATE AND TIME OF LATEST TRANSACTION
control field 20251108172503.0
008 - FIXED-LENGTH DATA ELEMENTS--GENERAL INFORMATION
fixed length control field 250721s1990 xx 000 0 ara d
082 14 - DEWEY DECIMAL CLASSIFICATION NUMBER
Classification number م/234.1/بخا
100 1# - MAIN ENTRY--PERSONAL NAME
Personal name بخاري، أبو عبدالله محمد...
245 10 - TITLE STATEMENT
Title موسوعة صحيح البخاري الميسرة /
264 1# - PRODUCTION, PUBLICATION, DISTRIBUTION, MANUFACTURE, AND COPYRIGHT NOTICE
Place of production, publication, distribution, manufacture بيروت :
Name of producer, publisher, distributor, manufacturer دار الكتاب اللبناني،
Date of production, publication, distribution, manufacture, or copyright notice 1990.
300 ## - PHYSICAL DESCRIPTION
Extent 16ج
650 17 - SUBJECT ADDED ENTRY--TOPICAL TERM
Topical term or geographic name as entry element صحيح البخاري
650 17 - SUBJECT ADDED ENTRY--TOPICAL TERM
Topical term or geographic name as entry element الأربعون حديثاً
650 17 - SUBJECT ADDED ENTRY--TOPICAL TERM
Topical term or geographic name as entry element الإسلام
942 ## - ADDED ENTRY ELEMENTS (KOHA)
Source of classification or shelving scheme Dewey Decimal Classification
Koha item type مراجع
المقتنيات
حالة السحب حالة الفقدان مصدر التصنيف حالة التلف غير قابل للإعارة المكتبة الرئيسية المكتبة الحالية موقع الرف تاريخ التزويد الرقم المتسلسل Total Checkouts رقم الإستدعاء الباركود تاريخ آخر ظهور تاريخ الفاتورة نوع المادة (كوها)
    Dewey Decimal Classification   Not For Loan مكتبة منتدى الرواد مكتبة منتدى الرواد مراجع 22/12/2017 1652377   م/234.1/بخا PLD00414098 28/07/2025 22/12/2017 مراجع
    Dewey Decimal Classification   Not For Loan مكتبة منتدى الرواد مكتبة منتدى الرواد مراجع 24/12/2017 1652568   م/234.1/بخا PLD00414283 28/07/2025 24/12/2017 مراجع
    Dewey Decimal Classification   Not For Loan مكتبة منتدى الرواد مكتبة منتدى الرواد مراجع 01/01/2018 1652723   م/234.1/بخا PLD00414807 28/07/2025 01/01/2018 مراجع
    Dewey Decimal Classification   Not For Loan مكتبة منتدى الرواد مكتبة منتدى الرواد مراجع 01/01/2018 1652724   م/234.1/بخا PLD00414808 28/07/2025 01/01/2018 مراجع
    Dewey Decimal Classification   Not For Loan مكتبة منتدى الرواد مكتبة منتدى الرواد مراجع 01/01/2018 1652725   م/234.1/بخا PLD00414809 28/07/2025 01/01/2018 مراجع
    Dewey Decimal Classification   Not For Loan مكتبة منتدى الرواد مكتبة منتدى الرواد مراجع 01/01/2018 1652726   م/234.1/بخا PLD00414810 28/07/2025 01/01/2018 مراجع
    Dewey Decimal Classification   Not For Loan مكتبة منتدى الرواد مكتبة منتدى الرواد مراجع 01/01/2018 1652727   م/234.1/بخا PLD00414811 28/07/2025 01/01/2018 مراجع
    Dewey Decimal Classification   Not For Loan مكتبة منتدى الرواد مكتبة منتدى الرواد مراجع 05/01/2018 1652567   م/234.1/بخا PLD00415312 28/07/2025 05/01/2018 مراجع
    Dewey Decimal Classification   Not For Loan مكتبة منتدى الرواد مكتبة منتدى الرواد مراجع 05/01/2018 1652565   م/234.1/بخا PLD00415315 28/07/2025 05/01/2018 مراجع
    Dewey Decimal Classification   Not For Loan مكتبة منتدى الرواد مكتبة منتدى الرواد مراجع 05/01/2018 1652566   م/234.1/بخا PLD00415316 28/07/2025 05/01/2018 مراجع
Implemented & Customized by: BBB with SCIT (Smart Chains for Information Technology)

Powered by Koha